00575 2200193 4500001002100000008004100021035001900062245012100081100001200202250000900214260003600223300002600259020002100285084001700306082001000323650001400333990001700347990001700364INLIS000000000016397 Ind $a 0010-0525000060$a Seri aku mengenal Nabi Ululazmi : Kisah Nabi Muhammad SAW : $b Cinta rasulullah SAW kepada semua umatnya / $c Abdilah$a Abdillah$a Cet.1$a Bogor : $b Sahabat Anak $c 2023 $a 24 hlm. ; $c 29x21 cm.$a 978-623-7764-28-1$a 297.912 Abd s$a 297912$a Sirah Nabi$a 35349/bt/2024$a 35350/bt/2024